| 000 | 00791nam a22002415a 4500 | ||
|---|---|---|---|
| 008 | 161110t2016 maua frb 001 0 eng d | ||
| 020 | _a9780128025109 | ||
| 040 |
_aEG-ScBUE _beng _cEG-ScBUE _dEG-ScBUE |
||
| 082 | 0 | 4 |
_222 _a005.745 _bLIN |
| 100 | 1 | _aLinstedt, Daniel. | |
| 245 | 1 | 0 |
_aBuilding a scalable data warehouse with Data Vault 2.0 / _cDaniel Linstedt, Michael Olschimke. |
| 260 |
_aWaltham : _bMorgan Kaufmann / Elsevier, _c2016. |
||
| 300 |
_axx, 661 p. : _bill. ; _c25 cm. |
||
| 500 | _aIndex : p. 649-661. | ||
| 504 | _aIncludes bibliographical references. | ||
| 590 | _aSuzan Ashmawy | ||
| 650 | 7 |
_aData warehousing. _2BUEsh |
|
| 650 | 7 |
_aDatabase design. _2BUEsh |
|
| 651 | _2BUEsh | ||
| 653 |
_bCOMSCI _cNovember2016 |
||
| 700 | 1 | _aOlschimke, Michael. | |
| 942 | _2ddc | ||
| 999 |
_c23083 _d23055 |
||